00896nam a2200253 i 4500001001000000003000400010005001700014007000300031008004100034040003300075082003200108100004900140245005900189250001800248264004900266300005500315336002700370337003400397338002800431490002800459586003800487600003800525651007900563000045415OSt20250411122934.0ta150306s2013 dr ac 000 0 spa d aDO-SdBNPbspacDO-SdBNPerda 4a923.27293b D812T, 20132221 aTroncoso Sánchez, Pedro,d1904-1989eautor10aVida de Juan Pablo Duarte /cPedro Troncoso Sánchez. a3a edición  aSanto Domingo :bInstituto Duartiano,c2013. a522 páginas :bilustraciones, retratos ;c21 cm. 2rdacontentatextobtxt 2rdamedia asin mediaciónbn 2rdacarrieravolumenbnc0 aInstituto Duartianov11 aPremio Nacional de Historia, 197610aDuarte, Juan Pablo, d1813-1876 72LembaRepública Dominicana xHistoria yOcupación haitiana, 1822-1844